<?xml version="1.0" encoding="UTF-8"?>
<record
    xmlns:xsi="http://www.w3.org/2001/XMLSchema-instance"
    xsi:schemaLocation="http://www.loc.gov/MARC21/slim http://www.loc.gov/standards/marcxml/schema/MARC21slim.xsd"
    xmlns="http://www.loc.gov/MARC21/slim">

  <leader>00751nam a2200181Ia 4500</leader>
  <datafield tag="999" ind1=" " ind2=" ">
    <subfield code="c">5923</subfield>
    <subfield code="d">5923</subfield>
  </datafield>
  <controlfield tag="003">GBCCL</controlfield>
  <controlfield tag="005">20241126110552.0</controlfield>
  <controlfield tag="008">180417b           ||||| |||| 00| 0 eng d</controlfield>
  <datafield tag="040" ind1=" " ind2=" ">
    <subfield code="c">gbc</subfield>
  </datafield>
  <datafield tag="082" ind1=" " ind2=" ">
    <subfield code="a">248.844</subfield>
    <subfield code="b">THE</subfield>
  </datafield>
  <datafield tag="100" ind1=" " ind2=" ">
    <subfield code="a">Theophanie, S. T.</subfield>
    <subfield code="9">10722</subfield>
  </datafield>
  <datafield tag="245" ind1=" " ind2=" ">
    <subfield code="a">The one flesh covenant:</subfield>
    <subfield code="b">A Biblical guide to marriage, divorce, separation and reconciliation /</subfield>
    <subfield code="c">S. T. Theophanie</subfield>
  </datafield>
  <datafield tag="300" ind1=" " ind2=" ">
    <subfield code="a">69 p.;</subfield>
    <subfield code="c">19 cm.</subfield>
  </datafield>
  <datafield tag="505" ind1=" " ind2=" ">
    <subfield code="a">Law, grace, and obedience to faith --
Marriage and divorce --
Separation --
Procreation --
Repentance, forgiveness, and reconciliation through God's grace --
Consolation --
Admonition --
Clarifications.</subfield>
  </datafield>
  <datafield tag="650" ind1=" " ind2=" ">
    <subfield code="a">Marriage</subfield>
    <subfield code="v">Biblical teaching</subfield>
    <subfield code="9">10723</subfield>
  </datafield>
  <datafield tag="650" ind1=" " ind2=" ">
    <subfield code="a">Divorce</subfield>
    <subfield code="v">Biblical teaching</subfield>
    <subfield code="9">10724</subfield>
  </datafield>
  <datafield tag="942" ind1=" " ind2=" ">
    <subfield code="2">ddc</subfield>
    <subfield code="c">BK</subfield>
    <subfield code="0">5</subfield>
  </datafield>
  <datafield tag="952" ind1=" " ind2=" ">
    <subfield code="0">0</subfield>
    <subfield code="1">0</subfield>
    <subfield code="2">ddc</subfield>
    <subfield code="4">0</subfield>
    <subfield code="7">0</subfield>
    <subfield code="a">GBC</subfield>
    <subfield code="b">GBC</subfield>
    <subfield code="c">MNMS</subfield>
    <subfield code="d">2018-04-18</subfield>
    <subfield code="l">6</subfield>
    <subfield code="o">248.844 THE</subfield>
    <subfield code="p">005239</subfield>
    <subfield code="r">2025-10-03 14:39:14</subfield>
    <subfield code="s">2025-09-26</subfield>
    <subfield code="t">c.1</subfield>
    <subfield code="w">2018-04-18</subfield>
    <subfield code="y">BK</subfield>
  </datafield>
</record>
